000 01608cam a22003498a 4500
001 16212039
005 20110414173242.0
008 100430s2010 enk 000 0 eng
010 _a 2010018265
020 _a0415553490
020 _a9780415553490
040 _aDLC
_cDLC
043 _aa-cc---
050 0 0 _aHC430.C6
_bT53 2010
082 0 0 _a306.30951
_222
_bTIA
100 1 _aTian, Kelly.
_923253
245 1 0 _aConsumer-Citizens of China :
_bThe Role of Foreign Brands in the Imagined Future China /
_cKelly Tian and Lily Dong.
260 _aAbingdon, Oxon ;
_aNew York, NY :
_bRoutledge, 2010
_c2010.
300 _ap. cm.
490 0 _aRoutledge Contemporary China Series
_v60
_923252
504 _aIncludes bibliographical references (p.p. 133-139) and index
650 0 _aConsumers
_zChina
_xPsychology.
_923254
650 0 _aBrand choice
_zChina
_xPsychological aspects.
_923255
650 0 _aNationalism
_zChina.
_923256
651 0 _aChina
_xCivilization
_xForeign influences.
_923257
700 1 _aDong, Lily.
_923258
942 _2ddc
_cBB
999 _c15162
_d15162